| 000 | 00512nam a2200181Ia 4500 | ||
|---|---|---|---|
| 008 | 181130s2018 xx 000 0 und d | ||
| 100 | _aChattha, Samiya | ||
| 245 | _aModelling customer's vision towards disribution channels of Indian life insurance industry | ||
| 260 | _c2018 | ||
| 300 | _ap.63-72. | ||
| 504 | _dApr-Jun | ||
| 650 | _aConsumers | ||
| 650 | _aCustomer satisfaction | ||
| 650 | _aInsurance - Life | ||
| 700 | _aBawa, Sumninder Kaur | ||
| 773 | _aAbhigyan | ||
| 906 | _aInsurance - Life | ||
| 999 |
_c506484 _d506484 |
||